MARC

LEADER 00000nam0a2200000 4500
001 357838
005 20231102011031.0
035 |a (RuTPU)RU\TPU\retro\15106 
090 |a 357838 
100 |a 20200811d1973 km y0rusy50 ca 
101 0 |a rus 
102 |a RU 
105 |a a z 001zy 
200 1 |a Тиристорные преобразователи постоянного тока  |f Э. М. Ромат 
210 |a Москва  |c Энергия  |d 1973 
215 |a 112 с.  |c ил. 
320 |a Библиогр.: с. 110-112 
606 1 |a Преобразователи тиристорные  |2 stltpush  |9 69919 
610 1 |a преобразователи постоянного тока 
610 1 |a электромагнитные процессы 
610 1 |a коммутационные процессы 
610 1 |a неустановившиеся процессы 
610 1 |a сглаживающие фильтры 
610 1 |a энергетические характеристики 
610 1 |a стабилизированные преобразователи 
675 |a 621.314.632  |v 4 
700 1 |a Ромат  |b Э. М.  |g Эдуард Михайлович 
801 1 |a RU  |b 63413507  |c 20200811 
801 2 |a RU  |b 63413507  |c 20210326  |g RCR 
942 |c BK